Historia de las Islas Canarias : (Registro nro. 6450)
[ vista simple ]
| 000 -CABECERA | |
|---|---|
| campo de control de longitud fija | 00819cam a2200253 a 4500 |
| 001 - NÚMERO DE CONTROL | |
| campo de control | 000006661 |
| 003 - IDENTIFICADOR DEL NÚMERO DE CONTROL | |
| campo de control | DO-SdBNP |
| 005 - FECHA Y HORA DE LA ÚLTIMA TRANSACCIÓN | |
| campo de control | 20211124125858.0 |
| 008 - DATOS DE LONGITUD FIJA--INFORMACIÓN GENERAL | |
| campo de control de longitud fija | 870424s1983 sp a 001 0 spa |
| 020 ## - NÚMERO INTERNACIONAL ESTÁNDAR DEL LIBRO | |
| Número Internacional Estándar del Libro | 8427606206 |
| 040 ## - FUENTE DE LA CATALOGACIÓN | |
| Centro catalogador/agencia de origen | DO-SdBNP |
| Centro/agencia transcriptor | DLC |
| Centro/agencia modificador | DLC |
| 082 ## - NÚMERO DE LA CLASIFICACIÓN DECIMAL DEWEY | |
| Número de clasificación | 964.9 |
| Número de documento/Ítem | C355h |
| 100 1# - ENTRADA PRINCIPAL--NOMBRE DE PERSONA | |
| Nombre de persona | Castro Alfín, Demetrio, |
| Fechas asociadas al nombre | 1951- |
| 9 (RLIN) | 18520 |
| 245 10 - MENCIÓN DE TÍTULO | |
| Título | Historia de las Islas Canarias : |
| Resto del título | de la prehistoria al descubrimiento / |
| Mención de responsabilidad, etc. | Demetrio Castro Alfín. |
| 260 ## - PUBLICACIÓN, DISTRIBUCIÓN, ETC. | |
| Lugar de publicación, distribución, etc. | Madrid : |
| Nombre del editor, distribuidor, etc. | Nacional, |
| Fecha de publicación, distribución, etc. | 1983. |
| 300 ## - DESCRIPCIÓN FÍSICA | |
| Extensión | 259 p. : |
| Otras características físicas | il. ; |
| Dimensiones | 21 cm. |
| 490 1# - MENCIÓN DE SERIE | |
| Mención de serie | Cultura y sociedad. |
| 490 1# - MENCIÓN DE SERIE | |
| Mención de serie | Investigación |
| 651 #0 - PUNTO DE ACCESO ADICIONAL DE MATERIA--NOMBRE GEOGRÁFICO | |
| Nombre geográfico | Islas Canarias |
| 9 (RLIN) | 18521 |
| Subdivisión general | Historia |
| 651 #4 - PUNTO DE ACCESO ADICIONAL DE MATERIA--NOMBRE GEOGRÁFICO | |
| Nombre geográfico | Islas Canarias |
| Subdivisión general | Antigüedades |
| 9 (RLIN) | 18522 |
| 830 #0 - PUNTO DE ACCESO ADICIONAL DE SERIE-TÍTULO UNIFORME | |
| Título uniforme | Cultura y sociedad, |
| Nombre de parte o sección de la obra | Investigación. |
| 9 (RLIN) | 18523 |
| 910 ## - DATOS DE OPCIÓN DEL USUARIO (OCLC) | |
| Datos de opción del usuario | Catalogación por copia / LC |
| 942 ## - ELEMENTOS DE PUNTO DE ACCESO ADICIONAL (KOHA) | |
| Fuente del sistema de clasificación o colocación | Dewey Decimal Classification |
| Tipo de ítem Koha | Libro |
| Estado de retiro | Estado de pérdida | Restricciones de uso | No para préstamo | Código de colección | Localización permanente | Ubicación/localización actual | Ubicación en estantería | Fecha de adquisición | Número de inventario | Total de préstamos | Signatura topográfica completa | Código de barras | Fecha visto por última vez | Precio válido a partir de | Tipo de ítem Koha |
|---|---|---|---|---|---|---|---|---|---|---|---|---|---|---|---|
| Préstamo interno | Monografías: Libros y Folletos | General | General | En catalogación | 01.09.2009 | LF1 | 964.9 C355h | 6661-10 | 25.06.2020 | 25.06.2020 | Préstamo interno |
